000 00881nam a2200289Ia 4500
003 OSt
005 20221006153548.0
006 a|||||r|||| 00| 0
007 ta
008 221006b |||||||| |||| 00| 0 eng d
020 _a9780765614278
_cW 95,860
024 _a32,698
037 _bGift, 18/10/2007, Korean Embassy
_cTextual
040 _aEASL
_cEASL
_beng
041 _2eng
_aeng
082 _aW6.495, P5
100 _aYoung Whan Kihl Au.
_9664408
245 0 _aTransforming Korean politics
_b Democracy, reform and culture
260 _aNew York
_bM. E. Sharpe USA
_c2005
300 _a404p.
_ccm.
490 _v KEL
650 _a Democratization-South Korea-History
_9664409
650 _a KEL
650 _aPolitics
_9265771
942 _hW6.495, P5
_cTEXL
_2CC
999 _c1100784
_d1100784